[Event "Stay Safe Play From Home 227"]
[Site "T#646802Emanuel Laske"]
[Date "2020.06.15"]
[Round "2"]
[White "Toosieslide"]
[Black "Broken sword"]
[Result "0-1"]
[WhiteElo "2303"]
[BlackElo "2465"]
[Annotator "TA"]
[PlyCount "196"]
[EventDate "2020.06.15"]
[EventType "swiss (blitz)"]

{[%evp 16,195,70,45,50,50,52,25,29,-64,-6,-4,23,-16,106,29,95,-94,39,6,50,50,81,83,100,64,70,49,59,10,43,43,47,0,56,56,173,162,227,232,245,250,250,265,264,262,308,300,345,37,37,45,51,0,0,0,48,0,8,8,139,145,164,165,161,68,171,133,134,4,152,0,138,0,27,0,271,0,287,100,99,100,314,271,314,314,314,184,184,177,184,155,160,0,185,0,0,0,0,0,0,0,0,0,0,-677,0,-469,0,-29981,0,0,0,-29979,-29980,-29980,-29981,-29981,-29982,-29984,-29984,-29986,-29987,-29987,-29988,-29987,-29988,-29987,-29988,-29988,-29989,-29989,-29989,-29989,-29989,-29988,-29989,-29990,-29990,-29991,-29991,-29992,-29993,-29993,-29992,-29993,-29993,-29993,-29994,-29996,-29996,-29996,-29994,-29994,-29993,-29993,-29993,-29993,-29992,-29992,-29993,-29994,-29993,-29993,-29994,-29994,-29995,-29996,-29995,-29995,-29996,-29996,-29995,-29997,-29997,-29997,-29997,-29997,-29998,-29998,-29999,-29999]} 1. d4 d5 2. c4 c6 3. Nc3 Nf6 4. Nf3 dxc4 5. a4 Bf5 6. Ne5 e6 7. Nxc4 Nbd7 8. f3 Nb6 9. Ne5 Nbd7 {D17: Slav Defence: 5 a4 Bf5: Lines with 6 Nh4 and 6 Ne5.} 10. e4 Bg6 $1 {[#]} 11. Nxg6 $146 ({Predecessor:} 11. Nc4 Bb4 12. Bg5 Be7 13. Be3 O-O 14. Be2 Nb6 15. Ne5 Nbd7 16. Nd3 Ne8 17. O-O a5 18. Qb3 Qb8 19. Kh1 Nc7 {½-½ (41) Komljenovic,D (2490)-Velikov,P (2425) Torcy 1991}) 11... hxg6 {White has an edge.} 12. Bd3 (12. Bc4 $11) 12... Bb4 (12... e5 $15) 13. Be3 $11 a5 14. O-O Qc8 (14... e5 $11) 15. g3 (15. f4 $16) 15... Qc7 (15... e5 $11) 16. Bf4 $2 (16. Na2 $16 {stays on course.}) 16... Qd8 (16... e5 $17 17. dxe5 Nxe5) 17. e5 Nd5 18. Nxd5 cxd5 19. Bb5 O-O 20. Qd3 Be7 21. Rac1 $36 {[%mdl 2048] Black is under pressure.} Nb6 22. Rc2 Rc8 23. Rfc1 Rxc2 24. Rxc2 Qb8 (24... Nc8 $11) 25. Bd2 $14 Rc8 (25... Qa8 $14) 26. Bxa5 $18 Nc4 (26... Rxc2 {is a better defense.} 27. Qxc2 Nc4) 27. Bxc4 dxc4 28. Rxc4 Rxc4 29. Qxc4 b6 30. Bc3 Qa8 31. Kg2 Bf8 32. Qc7 $2 (32. Qb5 $18) 32... Qxa4 $14 33. Qxb6 Qc2+ 34. Kh3 Qf5+ 35. Kg2 Qc2+ 36. Kh3 Qe2 37. Qc6 {With the idea Qe4.} Qf1+ {[#]} (37... f5 $11 38. exf6 (38. Qxe6+ Kh7 $19) 38... gxf6) 38. Kg4 $1 $16 Qd3 {( -> ...Qf5+)} 39. Qe4 Qc4 40. Qe3 (40. h4 $18) 40... Qf1 (40... f5+ $1 $14 41. exf6 gxf6) 41. f4 Qd1+ 42. Kh3 (42. Qf3 $16 Qc2 43. Kh3) 42... Qb3 (42... Qf1+ $11 {remains equal.} 43. Kg4 Qd1+ 44. Qf3 Qc2) 43. Kg4 Qd1+ 44. Kh3 ({White must play} 44. Qf3 $16 Qc2 45. Kh3) 44... Qf1+ 45. Kg4 g5 $2 {[%mdl 8192]} (45... Qd1+ $1 $11 46. Qf3 Qc2) 46. fxg5 $2 (46. Qf3 $18 Qb1 47. fxg5) 46... Be7 $2 {[%mdl 8192]} (46... Qf5+ $11 {and Black stays safe.} 47. Kh4 Qh7+ 48. Kg4 Qf5+ 49. Kh4 Qh7+ 50. Kg4 Qf5+) 47. Kh4 $2 (47. Qf3 $18 {and White stays clearly on top.} Qb1 48. h4) 47... Qf5 48. g4 Qh7+ $2 (48... Bxg5+ $16 49. Kg3 (49. Qxg5 Qf2+ {[%mdl 64] Double Attack} 50. Kh3 Qf3+ 51. Kh4 Qf2+ {[%mdl 64] Double Attack} 52. Kh3 Qf3+ 53. Kh4 Qf2+ $11 {[%mdl 64] Double Attack}) 49... Qg6) 49. Kg3 $18 Qg6 50. h4 Qc2 51. Bd2 (51. Qf3 $142) 51... Qxb2 52. Qc3 Qb7 53. h5 Qh1 {intending ...Qg1+.} 54. Bf4 $2 ({White should play} 54. Qc1 $16 Qe4 55. Be3) 54... Bf8 $2 (54... Qg1+ $11 55. Kh4 Qh1+ 56. Kg3 Qg1+ 57. Kh4 Qh1+ 58. Qh3 Bxg5+ 59. Bxg5 Qe1+ 60. Qg3 Qh1+ 61. Qh3 Qe1+ 62. Qg3 Qh1+ 63. Qh3) 55. h6 $2 ({White should try} 55. Be3 $18) 55... Qg1+ $11 56. Kf3 Qf1+ 57. Ke3 gxh6 58. gxh6 Qg1+ 59. Ke4 Qxg4 60. Kd3 $2 {[%mdl 8192]} (60. Qg3 $11 Qxg3 {[#]} 61. h7+ $1 {[%mdl 512]} (61. Bxg3 Bxh6 62. Be1 Kg7 $11) 61... Kxh7 62. Bxg3) 60... Qf5+ $2 (60... Qxf4 $19 61. Qd2 Qf5+ 62. Kc4 Qf1+ 63. Kb3 Qh3+ 64. Qc3 Qh1 65. Qg3+ Kh7) 61. Kc4 $2 {[%mdl 8192]} (61. Ke3 $11) 61... Kh7 $2 ({Better is} 61... Qxf4 $19 62. h7+ {[%mdl 64] Decoy} Kxh7 63. Qc2+ Kh8) 62. Qh3 $2 {[%mdl 8192]} (62. Qd3 $11 Qxd3+ 63. Kxd3) 62... Qg6 $2 (62... Qxh3 {mates} 63. Bd2 Qf1+ 64. Kb3 Qb1+ 65. Kc3 Bb4+ 66. Kc4 Bxd2 67. Kc5 Qb4+ 68. Kc6 Qxd4 69. Kb7 Ba5 70. Kb8 Qb4+ 71. Ka8 Bc7 72. Ka7 Qb8+ 73. Ka6 Qb6#) 63. Qh4 Bxh6 (63... Qc2+ {with more complications.} 64. Kb5 Qb3+ 65. Ka6 Qa4+ 66. Kb7 Qd7+) 64. Qf6 $2 {[%mdl 8192]} (64. Bxh6 $11 Qxh6 65. Qf2) 64... Qxf6 {Black mates.} 65. exf6 Bxf4 {[%mdl 4096] Endgame KB-KPP} 66. Kc5 Kg6 67. Kc6 e5 68. Kb5 exd4 {KB-KP} 69. Kc4 Be5 70. Kd3 Bxf6 71. Ke4 Bg7 72. Kd3 f5 73. Kd2 Bf6 74. Ke2 Kf7 75. Kf3 Ke6 76. Kf2 Kd5 77. Ke2 Kc4 78. Kd1 d3 79. Ke1 Kd4 80. Kd1 Kc3 81. Ke1 d2+ 82. Kf2 Kc2 83. Kf3 Be7 84. Kf4 Bd6+ 85. Kxf5 Bc5 86. Ke6 Bd4 87. Kd7 Bc3 88. Kc6 Bb2 89. Kb5 Bc1 90. Kb6 d1=Q 91. Ka6 Qd2 92. Kb7 Qc3 93. Kb8 Qb3+ 94. Ka7 Kc3 95. Ka8 Kc4 96. Ka7 Kc5 97. Ka8 Kc6 {[%csl Gc6][%cal Rb3b7]} 98. Ka7 Qb7# {A wild game. Accuracy: White = 41%, Black = 45%.} 0-1

[Event "Stay Safe Play From Home 227"]
[Site "T#646802Emanuel Laske"]
[Date "2020.06.15"]
[Round "2"]
[White "little champs"]
[Black "Lazieri3"]
[Result "1/2-1/2"]
[WhiteElo "2262"]
[BlackElo "2111"]
[Annotator "TA"]
[PlyCount "116"]
[EventDate "2020.06.15"]
[EventType "swiss (blitz)"]

{[%evp 12,116,22,0,0,0,0,0,0,-12,0,-5,-6,-10,-9,-55,-64,-58,-51,-76,-78,-80,-69,-72,-79,-160,-74,-96,-71,-73,-39,-154,-156,-146,-82,-87,-83,-81,-81,-81,-86,-85,-78,-95,-78,-80,-77,-78,0,-86,-77,-110,-3,-19,-6,-29,0,0,0,0,35,14,47,0,39,0,0,0,10,0,62,0,6,0,8,0,32,17,20,8,62,31,77,39,156,27,35,49,28,-133,0,0,0,-32,-32,-254,-242,-5052,-4827,-2702,-2379,-1704,0,-279,0,-713,0]} 1. d4 c6 2. e3 d5 3. Nf3 Bf5 4. Be2 e6 5. O-O Nf6 6. c4 Bd6 7. Nc3 O-O {D12: Slav Defence: 3 Nf3 Nf6 4 e3 Bf5.} 8. Ne5 Ne4 9. Nxe4 Bxe4 {The position is equal.} 10. f4 f6 {[#]} 11. Nf3 $146 ({Predecessor:} 11. Ng4 Nd7 12. Nf2 Bg6 13. c5 Be7 14. b4 e5 15. a4 b6 16. a5 b5 17. g4 {½-½ (43) Barron,I-Belc,D (2065) Toronto 2004}) 11... Nd7 12. Nd2 Bg6 $36 {[%mdl 2048] Black has good play.} 13. cxd5 exd5 14. Nf3 Re8 15. Bd3 Bxd3 16. Qxd3 Qe7 17. Bd2 Nb6 18. a3 (18. Rae1 $142) 18... Bc7 (18... Nc4 $142 19. Rab1 Nxd2 20. Qxd2 Qxe3+ 21. Qxe3 Rxe3) 19. b3 Bd6 20. a4 Bb4 (20... Nc8 {keeps more tension.} 21. Ne1 a5 22. Rf3 Bc7 23. Qc2 Nd6) 21. Kh1 (21. Bxb4 $15 Qxb4 22. a5) 21... Bxd2 $17 22. Qxd2 Nc8 (22... Qxe3 $142 23. Rfe1 Qxd2 24. Nxd2 Rad8) 23. Rfe1 Nd6 24. Qb4 Ne4 25. Qxe7 Rxe7 26. Kg1 Rae8 27. Rac1 Nd6 28. Kf2 Nf5 {[%cal Rf5e3]} 29. Rc3 Nd6 (29... h5 $17) 30. Nd2 (30. Rcc1 $11) 30... Kf7 31. g3 f5 (31... g5 $17 32. fxg5 fxg5) 32. h3 g6 33. Rd3 Ne4+ 34. Nxe4 fxe4 $11 {[%mdl 4096] Endgame KRR-KRR} 35. Rc3 Ke6 36. b4 a6 37. Rec1 Kd6 38. b5 axb5 39. axb5 Rc7 40. bxc6 bxc6 (40... Rxc6 $11 41. Rxc6+ bxc6) 41. Rb3 (41. g4 $14) 41... Rec8 42. Rb6 Kd7 43. Rc5 Kd6 44. g4 Ra8 45. Rc2 Rac8 (45... Ra5 $11) 46. Kg3 Kd7 47. Rb1 c5 {[#]} (47... Ra8 $14) 48. dxc5 (48. Rb5 $1 $16) 48... Rxc5 49. Rxc5 Rxc5 $16 {KR-KR} 50. Rf1 $2 (50. f5 $11) 50... Ke6 ({Black should try} 50... Rc3 $17 51. f5 Rxe3+ 52. Kf4 Rd3) 51. f5+ $11 gxf5 52. gxf5+ Kf6 53. Kf4 $2 {[#]} (53. Ra1 $15) 53... Rc2 $1 $19 54. h4 $2 (54. Rd1 Rf2+ 55. Kg4 Rxf5 56. Ra1) 54... h5 55. Kg3 Re2 56. Kf4 Rc2 $2 (56... Rg2 {[%csl Gh5][%cal Rg2g4]} 57. Rg1 Rf2+ 58. Kg3 Rf3+ {[%mdl 64] Double Attack} 59. Kh2 Rxe3 60. Rg6+ Ke5) 57. Kg3 Re2 $2 (57... Rd2 58. Re1 Kxf5 59. Rf1+ Ke5) 58. Kf4 Rc2 $2 {Accuracy: White = 53%, Black = 57%.} (58... Rg2 $19 {[%csl Gh5][%cal Rg2g4]} 59. Rg1 Rf2+ 60. Kg3 Rf3+ {[%mdl 64] Double Attack} 61. Kh2 Rxe3 62. Rg6+ Ke5 63. Re6+ Kxf5) 1/2-1/2

[Event "Stay Safe Play From Home 227"]
[Site "T#646802Emanuel Laske"]
[Date "2020.06.15"]
[Round "2"]
[White "Haxhi Baha"]
[Black "Justwatch"]
[Result "1-0"]
[WhiteElo "1939"]
[BlackElo "1848"]
[Annotator "TA"]
[PlyCount "53"]
[EventDate "2020.06.15"]
[EventType "swiss (blitz)"]

{[%evp 9,53,12,483,1,72,44,79,36,30,15,40,-25,-8,-30,571,583,585,519,531,465,1063,1057,1036,995,989,1033,1035,1042,1109,1103,1141,1118,1196,1189,1242,1245,1252,1229,1256,1247,2346,2176,29990,29991,29991,29992]} 1. e4 Nf6 2. Nc3 e5 3. Bc4 d6 4. d3 Nc6 5. h3 {[#]} Bg4 $146 {[%mdl 8192] [#]} (5... Be7 $11 {and Black stays safe.}) ({Predecessor:} 5... g6 6. a3 Bg7 7. Nge2 O-O 8. O-O Be6 9. Bxe6 fxe6 10. f4 Nh5 11. fxe5 Rxf1+ 12. Qxf1 Bxe5 13. Qf2 {0-1 (42) Papadopoulos,A (2222)-Kazakos,M (2069) Patras 2019}) 6. f3 $2 {C28: Vienna Game: 2...Nf6 3 Bc4 Nc6.} ({White has to play} 6. hxg4 $18 Na5 7. g5) 6... Bh5 (6... Be6 $11) 7. Nge2 Bg6 8. Ng3 {White is better.} Be7 9. Be3 a6 10. Qb1 (10. O-O $14) 10... b5 11. Bd5 b4 $2 {[%mdl 8192] This move loses the game for Black.} (11... Nxd5 $11 12. Nxd5 Bh4) 12. Bxc6+ $18 Nd7 13. Nd5 Rb8 14. Nf5 O-O (14... Bxf5 $142 15. exf5 O-O) 15. Nfxe7+ Kh8 16. Nxg6+ fxg6 17. O-O Nf6 18. Nxf6 Rxf6 19. Qe1 Qe7 20. Qh4 Rbf8 21. Bg5 Qf7 22. Bxf6 gxf6 23. Bd5 Qg7 24. f4 g5 25. fxg5 {[%cal Rf1f6]} fxg5 26. Rxf8+ {[%mdl 64] [#] Overworked Piece} Qxf8 27. Qxg5 {Accuracy: White = 28%, Black = 23%.} 1-0

[Event "Stay Safe Play From Home 227"]
[Site "T#646802Emanuel Laske"]
[Date "2020.06.15"]
[Round "2"]
[White "EL sanbary"]
[Black "Edmatuag"]
[Result "0-1"]
[WhiteElo "1934"]
[BlackElo "1676"]
[Annotator "TA"]
[PlyCount "80"]
[EventDate "2020.06.15"]
[EventType "swiss (blitz)"]

{[%evp 9,80,19,17,25,53,54,56,46,58,0,0,-23,-31,-34,0,-4,30,0,27,0,4,0,0,-7,0,0,0,-72,-49,-48,-54,-105,-73,-74,-66,-144,0,0,0,0,0,-10,0,-574,76,-13,-11,-527,155,151,134,-930,-816,-1336,-610,-1607,-513,-12838,-12839,-12841,-12841,-29989,-29990,-29993,-29994,-29995,-29996,-29996,-29997,-29997,-29998,-29998,-29999]} 1. c4 d6 2. g3 e5 3. Bg2 Nf6 4. Nc3 c6 5. e4 Be6 6. d3 {A22: English Opening: 1...e5 2 Nc3 Nf6.} Nbd7 7. Nge2 {[#]} a6 $146 ({Predecessor:} 7... Be7 8. O-O O-O 9. h3 Re8 10. f4 exf4 11. gxf4 Nf8 12. f5 Bc8 13. Be3 N6d7 {1-0 (22) Sokolov,V (2310)-Akopov,V (1760) Astrakhan 2013}) 8. O-O {White is slightly better.} b5 9. h3 (9. b3 $14) 9... bxc4 $11 10. dxc4 Bxc4 11. Be3 Bxe2 (11... Be7 {with more complications.} 12. b3 Bb5 13. Qd2 O-O 14. Rfd1 Nc5) 12. Nxe2 Nb6 13. b3 c5 14. Qd2 Be7 15. f4 O-O 16. Nc3 Rc8 17. fxe5 dxe5 18. Nd5 (18. Qxd8 $11 Rfxd8 19. Rad1) 18... Nfxd5 19. exd5 Qd6 20. Rf2 (20. Be4 $15) 20... Rfd8 {[%cal Rb6d5]} 21. Raf1 Nxd5 22. Rxf7 {[#]} ({White should play} 22. Bxd5 $15 Qxd5 23. Qxd5 Rxd5 24. Rxf7) 22... Nf6 (22... e4 $1 $17 23. R7f5 g6 24. Rxd5 Qxd5 25. Qxd5+ Rxd5 26. Bxe4 Re5) 23. Qxd6 Bxd6 24. Ra7 c4 25. bxc4 Bb4 26. Bg5 $2 {[%mdl 8192]} (26. Rxa6 $11 {and White is okay.} Rxc4 27. Bb6 Bc5+ 28. Bxc5 Rxc5 29. g4) 26... a5 $2 ({Black should try} 26... Bc5+ $19 27. Kh2 Bxa7 {[%mdl 64] Discovered Attack} 28. Bxf6 gxf6 29. Bd5+ Kg7) 27. Bxf6 (27. Rxg7+ $16 Kxg7 28. Bxf6+ Kh6 29. Bxd8 (29. Bxe5 Rxc4 30. Rf6+ Kg5 $11) 29... Rxd8 30. Bd5) 27... gxf6 28. Rxf6 $2 {[%mdl 8192]} (28. Kh2 $11 {and White stays safe.}) 28... Rf8 $2 (28... Bc5+ $19 29. Kf1 Bxa7 {[%mdl 64] Discovered Attack} 30. Bd5+ Kh8) 29. Bd5+ $16 Kh8 30. Rh6 $2 {[%mdl 8192]} (30. Rxf8+ $16 Rxf8 31. Rc7) 30... Bc5+ $19 {[%mdl 64] [#] Double Attack} 31. Kg2 Bxa7 (31... Rf2+ $142 32. Kg1 Bxa7) 32. Re6 Rce8 (32... Rf2+ $142 33. Kh1 Rb8) 33. Ra6 (33. Rxe8 $142 Rxe8 34. Kf3) 33... Bd4 34. h4 e4 35. h5 e3 {Black mates.} 36. Be4 e2 37. Ra7 Bxa7 38. h6 Rxe4 39. g4 e1=Q 40. Kh3 Qh1+ {Accuracy: White = 39%, Black = 46%.} 0-1

[Event "Stay Safe Play From Home 227"]
[Site "T#646802Emanuel Laske"]
[Date "2020.06.15"]
[Round "2"]
[White "Ironmike"]
[Black "Lamborghini"]
[Result "0-1"]
[WhiteElo "1863"]
[BlackElo "2272"]
[Annotator "TA"]
[PlyCount "58"]
[EventDate "2020.06.15"]
[EventType "swiss (blitz)"]

{[%evp 17,58,18,29,39,63,-5,80,74,106,15,13,6,15,0,57,52,68,66,76,73,96,0,80,57,84,6,41,-44,-58,-47,-24,-77,-85,-102,-113,-130,-81,-906,-904,-1060,-1036,-1237,-1182]} 1. e4 d6 2. Nf3 Nf6 3. Nc3 g6 4. d4 Bg7 5. Bc4 O-O 6. O-O Bg4 7. h3 Bxf3 8. Qxf3 Nc6 9. Be3 Nd7 10. Rad1 {B08: Pirc Defence: Classical System.} a6 11. a3 {[#]} (11. Qg3 $14) 11... Kh8 $146 (11... e5 $1 $11 {keeps the balance.} 12. dxe5 Ncxe5) ({Predecessor:} 11... e5 12. dxe5 Ndxe5 13. Qe2 Nxc4 14. Qxc4 Ne5 15. Qe2 b5 16. b3 Nc4 17. bxc4 Bxc3 18. cxb5 axb5 19. Qxb5 Rxa3 {1-0 (33) Weyer,H (1872)-Juelich,T (1995) Germany 2011}) 12. Ba2 {White is better.} ({But not} 12. Bxf7 $2 e5 $19) 12... e5 13. d5 (13. dxe5 $16 Ndxe5 14. Qe2) 13... Nd4 $11 14. Bxd4 $1 exd4 15. Ne2 c5 (15... Qe7 $11) 16. dxc6 $1 $14 bxc6 17. Nxd4 Qb6 18. Nb3 a5 19. a4 (19. Rxd6 $16 Ne5 20. Qc3) 19... c5 (19... Qb4 $11) 20. Qg3 Ne5 {[#]} 21. Kh1 ({White should try} 21. Nd2 $1 $16) 21... c4 22. Nd4 (22. Nd2 $14) 22... Qxb2 $15 23. Bb1 c3 24. f4 (24. Nb5 $11 {remains equal.}) 24... Nc4 $17 25. f5 Be5 $36 {[%mdl 2048] White is under strong pressure.} 26. Qh4 Nd2 27. Rfe1 $2 {[%mdl 8192] [#]} (27. Nf3 $17) 27... Bxd4 $19 {Black is clearly winning.} 28. fxg6 fxg6 29. Re2 Be5 {Accuracy: White = 35%, Black = 45%.} 0-1

[Event "Stay Safe Play From Home 227"]
[Site "T#646802Emanuel Laske"]
[Date "2020.06.15"]
[Round "2"]
[White "Bishop91"]
[Black "Masler"]
[Result "1/2-1/2"]
[WhiteElo "1650"]
[BlackElo "1825"]
[Annotator "NA RC"]
[PlyCount "131"]
[EventDate "2020.06.15"]
[EventType "swiss (blitz)"]

1. e4 {[%emt 0:00:00]} d5 {[%emt 0:00:01]} 2. exd5 {[%emt 0:00:02]} Qxd5 {[%emt 0:00:00]} 3. Nc3 {[%emt 0:00:02]} Qe5+ {[%emt 0:00:01]} 4. Qe2 {[%emt 0:00:02]} Qxe2+ {[%emt 0:00:02]} 5. Bxe2 {[%emt 0:00:00]} c6 {[%emt 0:00:00]} 6. Nf3 {[%emt 0:00:01]} Bf5 {[%emt 0:00:01]} 7. O-O {[%emt 0:00:01]} Bxc2 {[%emt 0:00:01]} 8. d3 {[%emt 0:00:01]} e6 {[%emt 0:00:01]} 9. Be3 {[%emt 0:00:01]} Bb4 {[%emt 0:00:01]} 10. Rac1 {[%emt 0:00:01]} Bxc3 {[%emt 0:00:01]} 11. Rxc2 {[%emt 0:00:01]} Bf6 {[%emt 0:00:02]} 12. d4 {[%emt 0:00:02]} Ne7 {[%emt 0:00:01]} 13. Bc4 {[%emt 0:00:01]} Nd7 {[%emt 0:00:02]} 14. Rd1 {[%emt 0:00:00]} Nb6 {[%emt 0:00:01]} 15. Bb3 {[%emt 0:00:01]} Ned5 {[%emt 0:00:00]} 16. Ne5 {[%emt 0:00:01]} Bxe5 {[%emt 0:00:02]} 17. dxe5 {[%emt 0:00:01]} O-O-O {[%emt 0:00:01]} 18. Bxb6 {[%emt 0:00:02]} Nxb6 {[%emt 0:00:03]} 19. Rcd2 {[%emt 0:00:00]} Rxd2 {[%emt 0:00:02]} 20. Rxd2 {[%emt 0:00:00]} Rd8 {[%emt 0:00:01]} 21. Rxd8+ {[%emt 0:00:01]} Kxd8 {[%emt 0:00:00]} 22. Kf1 {[%emt 0:00:00]} Ke7 {[%emt 0:00:01]} 23. Ke2 {[%emt 0:00:00]} Nd7 {[%emt 0:00:01]} 24. f4 {[%emt 0:00:02]} Nc5 {[%emt 0:00:00]} 25. Ke3 {[%emt 0:00:02]} Nd7 {[%emt 0:00:02]} 26. Bc4 {[%emt 0:00:02]} h6 {[%emt 0:00:01]} 27. b4 {[%emt 0:00:00]} b6 {[%emt 0:00:02]} 28. g3 {[%emt 0:00:00]} c5 {[%emt 0:00:01]} 29. bxc5 {[%emt 0:00:01]} Nxc5 {[%emt 0:00:01]} 30. a3 {[%emt 0:00:00]} Na4 {[%emt 0:00:01]} 31. Bb5 {[%emt 0:00:01]} Nc3 {[%emt 0:00:02]} 32. Bc4 {[%emt 0:00:00]} Nd1+ {[%emt 0:00:02]} 33. Kd2 {[%emt 0:00:02]} Nb2 {[%emt 0:00:01]} 34. Kc3 {[%emt 0:00:01]} Na4+ {[%emt 0:00:01]} 35. Kb4 {[%emt 0:00:01]} Nc5 {[%emt 0:00:00]} 36. Kc3 {[%emt 0:00:02]} Kd7 {[%emt 0:00:01]} 37. Kd2 {[%emt 0:00:02]} Kc6 {[%emt 0:00:01]} 38. Ke3 {[%emt 0:00:01]} b5 {[%emt 0:00:01]} 39. Ba2 {[%emt 0:00:01]} a5 {[%emt 0:00:01]} 40. Bb1 {[%emt 0:00:01]} b4 {[%emt 0:00:01]} 41. axb4 {[%emt 0:00:02]} axb4 {[%emt 0:00:01]} 42. Kd4 {[%emt 0:00:00]} Kb5 {[%emt 0:00:01]} 43. Bd3+ {[%emt 0:00:02]} Kb6 {[%emt 0:00:02]} 44. Bc4 {[%emt 0:00:01]} Na4 {[%emt 0:00:02]} 45. Bb3 {[%emt 0:00:01]} Ka5 {[%emt 0:00:01]} 46. Bc4 {[%emt 0:00:00]} Nb2 {[%emt 0:00:02]} 47. Bb3 {[%emt 0:00:01]} Na4 {[%emt 0:00:02]} 48. Kc4 {[%emt 0:00:01]} Nb6+ {[%emt 0:00:00]} 49. Kc5 {[%emt 0:00:00]} Nd5 {[%emt 0:00:01]} 50. Bxd5 {[%emt 0:00:02]} exd5 {[%emt 0:00:01]} 51. Kxd5 {[%emt 0:00:00]} b3 {[%emt 0:00:00]} 52. Kd6 {[%emt 0:00:00]} b2 {[%emt 0:00:00]} 53. Ke7 {[%emt 0:00:00]} b1=Q {[%emt 0:00:00]} 54. Kxf7 {[%emt 0:00:00]} Qf5+ {[%emt 0:00:01]} 55. Kxg7 {[%emt 0:00:00]} Qg4+ {[%emt 0:00:01]} 56. Kf6 {[%emt 0:00:02]} Qh3 {[%emt 0:00:00]} 57. e6 {[%emt 0:00:00]} Qxh2 {[%emt 0:00:00]} 58. e7 {[%emt 0:00:00]} Qxg3 {[%emt 0:00:01]} 59. e8=Q {[%emt 0:00:00]} Qxf4+ {[%emt 0:00:01]} 60. Ke7 {[%emt 0:00:01]} Qe4+ {[%emt 0:00:01]} 61. Kd8 {[%emt 0:00:00]} Qxe8+ {[%emt 0:00:00]} 62. Kxe8 {[%emt 0:00:00]} h5 {[%emt 0:00:00]} 63. Kf7 {[%emt 0:00:00]} h4 {[%emt 0:00:00]} 64. Kf6 {[%emt 0:00:00]} h3 {[%emt 0:00:00]} 65. Kf5 {[%emt 0:00:00]} h2 {[%emt 0:00:00]} 66. Kf4 {[%emt 0:00:00] (Lag: Av=0.78s, max=1.9s)} 1/2-1/2

[Event "Stay Safe Play From Home 227"]
[Site "T#646802Emanuel Laske"]
[Date "2020.06.15"]
[Round "2"]
[White "Golem974"]
[Black "Zitnik"]
[Result "0-1"]
[WhiteElo "1606"]
[BlackElo "1840"]
[Annotator "NA RC"]
[PlyCount "80"]
[EventDate "2020.06.15"]
[EventType "swiss (blitz)"]

1. e4 {[%emt 0:00:00]} b6 {[%emt 0:00:02]} 2. Nf3 {[%emt 0:00:00]} Bb7 {[%emt 0:00:01]} 3. d3 {[%emt 0:00:03]} e6 {[%emt 0:00:01]} 4. g3 {[%emt 0:00:00]} g6 {[%emt 0:00:01]} 5. Bg2 {[%emt 0:00:00]} Bg7 {[%emt 0:00:01]} 6. O-O {[%emt 0:00:00]} Ne7 {[%emt 0:00:01]} 7. c3 {[%emt 0:00:00]} O-O {[%emt 0:00:01]} 8. Be3 {[%emt 0:00:00]} c5 {[%emt 0:00:01]} 9. Nfd2 {[%emt 0:00:01]} d5 {[%emt 0:00:01]} 10. f4 {[%emt 0:00:01]} d4 {[%emt 0:00:02]} 11. Bf2 {[%emt 0:00:02]} e5 {[%emt 0:00:02]} 12. fxe5 {[%emt 0:00:02]} Bxe5 {[%emt 0:00:01]} 13. cxd4 {[%emt 0:00:01]} Bxd4 {[%emt 0:00:01]} 14. Nc3 {[%emt 0:00:03]} Bxc3 {[%emt 0:00:03]} 15. bxc3 {[%emt 0:00:01]} Qxd3 {[%emt 0:00:01]} 16. Qc1 {[%emt 0:00:04]} Rd8 {[%emt 0:00:04]} 17. Rd1 {[%emt 0:00:01]} Nbc6 {[%emt 0:00:03]} 18. Nb3 {[%emt 0:00:05]} Qxd1+ {[%emt 0:00:02]} 19. Qxd1 {[%emt 0:00:01]} Rxd1+ {[%emt 0:00:01]} 20. Rxd1 {[%emt 0:00:00]} Rd8 {[%emt 0:00:01]} 21. Rxd8+ {[%emt 0:00:02]} Nxd8 {[%emt 0:00:00]} 22. Nd2 {[%emt 0:00:01]} f5 {[%emt 0:00:04]} 23. exf5 {[%emt 0:00:03]} Bxg2 {[%emt 0:00:01]} 24. Kxg2 {[%emt 0:00:02]} Nxf5 {[%emt 0:00:01]} 25. Nc4 {[%emt 0:00:02]} Ne6 {[%emt 0:00:02]} 26. g4 {[%emt 0:00:01]} Ne7 {[%emt 0:00:01]} 27. Ne5 {[%emt 0:00:01]} Nd5 {[%emt 0:00:02]} 28. c4 {[%emt 0:00:02]} Nb4 {[%emt 0:00:02]} 29. a3 {[%emt 0:00:01]} Nc2 {[%emt 0:00:03]} 30. a4 {[%emt 0:00:01]} Ncd4 {[%emt 0:00:01]} 31. a5 {[%emt 0:00:02]} b5 {[%emt 0:00:01]} 32. cxb5 {[%emt 0:00:01]} Nxb5 {[%emt 0:00:01]} 33. Nd7 {[%emt 0:00:02]} c4 {[%emt 0:00:02]} 34. Ne5 {[%emt 0:00:01]} c3 {[%emt 0:00:01]} 35. Nd3 {[%emt 0:00:00]} Nbd4 {[%emt 0:00:04]} 36. Be3 {[%emt 0:00:01]} Nc2 {[%emt 0:00:02]} 37. Bc1 {[%emt 0:00:02]} Ned4 {[%emt 0:00:01]} 38. Kf2 {[%emt 0:00:02]} Na1 {[%emt 0:00:02]} 39. Ke3 {[%emt 0:00:02]} Nab3 {[%emt 0:00:00]} 40. Ba3 {[%emt 0:00:03]} Nxa5 {[%emt 0:00:00] Temps (Lag: Av=0.66s, max=1.0s)} 0-1